000 00504nam a2200169 4500
001 109369
003 ES-MaACL
005 20230906184829.0
007 t|
008 061121s1909 fr r ||||1| fre d
100 1 _aMuller, Jorgen Peter.
_984130
245 1 3 _aLe livre du plein air /
_cJorgen Peter Muller; traduit du danois par Fr. Leray et E. Philipot.
260 _aCopenhagne :
_b[s.n.],
_c1909.
700 1 _aLeray, Fr.
_971746
700 1 _aPhilipot, E.
_991669
852 _aES-MaACL
_jF-1198-F-1
999 _c109369
_d109369